La France de l'outre-mer - Statistiques

Statistiques générales
  • Ce quiz a été pris 240 fois
  • Le résultat moyen est 11 sur 18
Statistiques - réponses
Hint Réponse % Correct
Département et région d'outre-mer Martinique
99%
Département et région d'outre-mer Guadeloupe
97%
Département et région d'outre-mer La Réunion
96%
Département et région d'outre-mer Guyane
95%
Département et région d'outre-mer Mayotte
94%
Collectivité sui generis Nouvelle-Calédonie
85%
Collectivité territoriale de la République française Saint-Pierre-et-Miquelon
81%
Pays d'outre-mer Polynésie française
77%
Collectivité d'outre-mer Wallis-et-Futuna
65%
Collectivité d'outre-mer Saint-Martin
64%
Collectivité d'outre-mer Saint-Barthélemy
59%
Terres australes et antarctiques françaises Terre Adélie
50%
Terres australes et antarctiques françaises Archipel des Kerguelen
47%
Propriété domaniale de l'État Clipperton
45%
Terres australes et antarctiques françaises Saint-Paul et Nouvelle-Amsterdam
28%
Terres australes et antarctiques françaises Archipel des Crozet
26%
Terres australes et antarctiques françaises Eparses
13%
Domaine français Domaines français de Sainte-Hélène
6%
Aucun quiz correspondant
Distribution des résultats
% des personnes avec chaque résultat
Percentile par nombre de réponses
Votre historique - résultats
Vous n’avez pas pris ce quiz